[Event "Deutsche Ländermeisterschaft 2003"]
[Site "Kassel GER"]
[Date "2003.10.19"]
[Round "1"]
[White "Hobusch, Alexander"]
[Black "Becker, Natalie"]
[Result "1/2-1/2"]
[Termination "normal"]
[Board "3.6"]
[WhiteElo "1771"]
[BlackElo "1514"]
[WhiteTeam "Nordrhein-Westfalen"]
[BlackTeam "Hessen 2"]
[PlyCount "94"]
[WhiteFideId "24611387"]
[EventCountry "GER"]
[EventRounds "7"]
[EventType "team-swiss"]
[EventDate "2003.10.18"]

1. d4 g6 2. Nf3 Bg7 3. c4 c6 4. Nc3 Nf6 5. e4 d6 6. Be2 O-O 7. Be3 Qa5 8. Qd2
Ng4 9. Bg5 f6 10. Bh4 Nd7 11. h3 Nh6 12. a3 e5 13. b4 Qc7 14. d5 a6 15. Nh2 g5
16. Bg3 c5 17. Rc1 Nf7 18. f3 b6 19. Bf2 Re8 20. Be3 Nf8 21. h4 h6 22. Rb1 Rb8
23. Kf2 Bd7 24. Rb3 Rb7 25. Rhb1 Reb8 26. Qb2 Nd8 27. hxg5 hxg5 28. Bd3 Ng6 29.
g3 a5 30. bxa5 bxa5 31. Qa2 Rxb3 32. Rxb3 Rxb3 33. Qxb3 Qb7 34. Qxb7 Nxb7 35.
a4 Ne7 36. Nb5 Nc8 37. Bc2 Nb6 38. Bb3 Kh7 39. Nf1 Bh6 40. Nd2 Be8 41. Nb1 Bf8
42. N1c3 Bd7 43. Na7 Na8 44. Ncb5 Bxb5 45. Nxb5 Be7 46. Na7 Bd8 47. Nc6 Nb6
1/2-1/2

[Event "Deutsche Ländermeisterschaft 2003"]
[Site "Kassel GER"]
[Date "2003.10.19"]
[Round "1"]
[White "Kuhn, Alena"]
[Black "Butschek, Tanja"]
[Result "0-1"]
[Termination "normal"]
[Board "3.7"]
[WhiteElo "1522"]
[BlackElo "1727"]
[WhiteTeam "Hessen 2"]
[BlackTeam "Nordrhein-Westfalen"]
[PlyCount "98"]
[BlackFideId "24604640"]
[EventCountry "GER"]
[EventRounds "7"]
[EventType "team-swiss"]
[EventDate "2003.10.18"]

1. f4 d5 2. Nf3 Nc6 3. g3 Nf6 4. Bg2 Bf5 5. O-O e6 6. d3 Bc5+ 7. e3 O-O 8. Bd2
Re8 9. Nh4 Ng4 10. Qe1 Nh6 11. h3 Be7 12. e4 dxe4 13. dxe4 Bxh4 14. gxh4 Bg6
15. Qg3 Nd4 16. Qd3 Bh5 17. Nc3 c5 18. Be3 Qxh4 19. Bxd4 cxd4 20. Qxd4 Red8 21.
Qf2 Qxf2+ 22. Rxf2 f6 23. Nb5 Rd7 24. c4 a6 25. Nc3 Rad8 26. Rc1 Nf7 27. Na4 e5
28. Nc5 Rd1+ 29. Rxd1 Rxd1+ 30. Rf1 Rxf1+ 31. Bxf1 Nd6 32. f5 Kf7 33. Bd3 Ke7
34. Kf2 Be8 35. Ne6 g6 36. c5 Nb5 37. b4 Bd7 38. Bxb5 Bxb5 39. Nc7 Bc6 40. Ke3
gxf5 41. exf5 Kd7 42. Ne6 Bd5 43. Nf8+ Ke7 44. Nxh7 Bxa2 45. Kf3 Bg8 46. Nxf6
Kxf6 47. Kg4 Bd5 48. h4 Be4 49. h5 Bxf5+ 0-1

[Event "Deutsche Ländermeisterschaft 2003"]
[Site "Kassel GER"]
[Date "2003.10.19"]
[Round "1"]
[White "van Orsouw, Svenja"]
[Black "Zuyev, Lisa"]
[Result "1-0"]
[Termination "normal"]
[Board "3.8"]
[WhiteElo "1313"]
[BlackElo "1160"]
[WhiteTeam "Nordrhein-Westfalen"]
[BlackTeam "Hessen 2"]
[PlyCount "103"]
[WhiteFideId "24677124"]
[EventCountry "GER"]
[EventRounds "7"]
[EventType "team-swiss"]
[EventDate "2003.10.18"]

1. e3 e5 2. Nc3 Nf6 3. Nf3 Nc6 4. Bb5 Bd6 5. O-O O-O 6. Bxc6 dxc6 7. d4 Bg4 8.
dxe5 Bxe5 9. Qxd8 Bxh2+ 10. Nxh2 Raxd8 11. Nxg4 Nxg4 12. Rd1 Rde8 13. b3 Re6
14. Bb2 Rfe8 15. Re1 b5 16. Rad1 a5 17. Rd7 R6e7 18. Rxe7 Rxe7 19. Rd1 h6 20.
Rd4 Nf6 21. Ne2 Re6 22. Rd8+ Kh7 23. Bxf6 Rxf6 24. Rd7 c5 25. Rxc7 Rf5 26. Ng3
Rd5 27. Ne4 Rd1+ 28. Kh2 f5 29. Nxc5 Rd2 30. Nd3 Rd1 31. Rc5 Ra1 32. Rxb5 Rxa2
33. Rxf5 Rxc2 34. Rxa5 Rd2 35. Rd5 Rc2 36. Kg3 Rc3 37. b4 Rb3 38. Rd7 Kg6 39.
Kg4 h5+ 40. Kf4 Rc3 41. Rd6+ Kh7 42. Kg5 g6 43. Ne5 Rc2 44. Rd7+ Kg8 45. Kxg6
Rc8 46. b5 Kf8 47. b6 Re8 48. Rf7+ Kg8 49. Nd7 Re6+ 50. Rf6 Rxf6+ 51. Nxf6+ Kf8
52. b7 1-0

[Event "Deutsche Ländermeisterschaft 2003"]
[Site "Kassel GER"]
[Date "2003.10.19"]
[Round "1"]
[White "Schaffer, Hendrik"]
[Black "Langrock, Hannes"]
[Result "0-1"]
[Termination "normal"]
[Board "4.1"]
[WhiteElo "2215"]
[BlackElo "2336"]
[WhiteTeam "Hessen 1"]
[BlackTeam "Hamburg"]
[PlyCount "158"]
[WhiteFideId "4663080"]
[BlackFideId "4655290"]
[EventCountry "GER"]
[EventRounds "7"]
[EventType "team-swiss"]
[EventDate "2003.10.18"]

1. d4 Nf6 2. c4 c5 3. d5 b5 4. Nf3 bxc4 5. Nc3 d6 6. e4 Nbd7 7. Bxc4 g6 8. O-O
Bg7 9. Re1 O-O 10. h3 Qb6 11. Qc2 Ba6 12. Bxa6 Qxa6 13. Bf4 Rab8 14. e5 dxe5
15. Nxe5 Rb4 16. Bh2 Nxe5 17. Bxe5 Qb7 18. Re2 Nxd5 19. Nxd5 Qxd5 20. Rd1 Qxa2
21. Bxg7 Kxg7 22. Qxc5 Qa4 23. Rdd2 e6 24. Qe5+ Kg8 25. g3 Rc4 26. Re1 Rfc8 27.
Qf6 Qa5 28. Red1 Rc1 29. Kg2 Rxd1 30. Rxd1 Qc7 31. h4 h5 32. Rd2 e5 33. Re2
Qb7+ 34. Qf3 Qxf3+ 35. Kxf3 Rc5 36. b4 Rc3+ 37. Ke4 Rc4+ 38. Kxe5 Rxb4 39. Ra2
Rb5+ 40. Ke4 a5 41. Rc2 Rb8 42. Ra2 Ra8 43. Ra4 Kf8 44. Ke5 Ke7 45. f3 Ra6 46.
g4 hxg4 47. fxg4 Ra8 48. g5 Ra7 49. Kd5 Kd7 50. Rf4 Kc8 51. Kc6 a4 52. Kb6 Rb7+
53. Kc5 a3 54. Ra4 Rb3 55. Kc6 Kb8 56. Ra5 Rc3+ 57. Kb6 Rb3+ 58. Kc6 Rc3+ 59.
Kb6 Kc8 60. Ra7 Rf3 61. Kc6 Kb8 62. Ra4 f5 63. gxf6 Rxf6+ 64. Kd5 Rf3 65. Ke4
Rh3 66. Ke5 Kb7 67. Kf6 Rg3 68. Kg7 Kc6 69. Kf6 Kb5 70. Rxa3 Rxa3 71. Kxg6 Kc6
72. h5 Kd7 73. h6 Ke7 74. Kg7 Rg3+ 75. Kh8 Kf7 76. h7 Kg6 77. Kg8 Ra3 78. h8=N+
Kf6 79. Kh7 Rg3 0-1

[Event "Deutsche Ländermeisterschaft 2003"]
[Site "Kassel GER"]
[Date "2003.10.19"]
[Round "1"]
[White "Rohde, Torsten"]
[Black "Zollondz, Mark"]
[Result "1/2-1/2"]
[Termination "normal"]
[Board "4.3"]
[WhiteElo "2102"]
[BlackElo "1968"]
[WhiteTeam "Hessen 1"]
[BlackTeam "Hamburg"]
[PlyCount "81"]
[WhiteFideId "4665007"]
[EventCountry "GER"]
[EventRounds "7"]
[EventType "team-swiss"]
[EventDate "2003.10.18"]

1. e4 Nf6 2. e5 Ng8 3. d4 d5 4. Nd2 c5 5. f4 Nh6 6. Ndf3 Nc6 7. c3 Bg4 8. h3
Bxf3 9. Nxf3 cxd4 10. Nxd4 e6 11. Bb5 Qh4+ 12. Ke2 Qg3 13. Qf1 Rc8 14. Bd2 Be7
15. Bd3 Nxd4+ 16. cxd4 Nf5 17. Bxf5 exf5 18. Qf3 Qxf3+ 19. Kxf3 Kd7 20. Rac1
Rxc1 21. Rxc1 Rc8 22. Rg1 b5 23. g4 fxg4+ 24. hxg4 Rc2 25. Bc1 a5 26. Ke3 a4
27. Kd3 Rc4 28. f5 Bd8 29. Rf1 Bb6 30. Be3 b4 31. Rc1 Rxc1 32. Bxc1 Kc6 33. g5
Bd8 34. b3 axb3 35. axb3 Be7 36. Bf4 Kd7 37. Ke3 Kc6 38. Kf3 Kd7 39. Kg4 g6 40.
Bd2 Bf8 41. Kf4 1/2-1/2

[Event "Deutsche Ländermeisterschaft 2003"]
[Site "Kassel GER"]
[Date "2003.10.19"]
[Round "1"]
[White "Schmidt, Armin"]
[Black "Sohl, Jan"]
[Result "1/2-1/2"]
[Termination "normal"]
[Board "4.4"]
[WhiteElo "1803"]
[BlackElo "1847"]
[WhiteTeam "Hamburg"]
[BlackTeam "Hessen 1"]
[PlyCount "54"]
[WhiteFideId "24610160"]
[BlackFideId "4698070"]
[EventCountry "GER"]
[EventRounds "7"]
[EventType "team-swiss"]
[EventDate "2003.10.18"]

1. e4 c5 2. Nc3 Nc6 3. f4 g6 4. Nf3 Bg7 5. Bc4 e6 6. O-O Nge7 7. d3 O-O 8. Qe1
d5 9. Bb3 a6 10. a4 Rb8 11. Qf2 Nd4 12. Ba2 b5 13. axb5 axb5 14. Nd1 Bb7 15. c3
Nxf3+ 16. gxf3 d4 17. cxd4 cxd4 18. f5 exf5 19. Bg5 Qd7 20. Qh4 Nc6 21. Nf2 Ra8
22. Bf6 Ra7 23. Bd5 Rfa8 24. Rac1 Ne5 25. Bxe5 Bxe5 26. Bxb7 Rxb7 27. Rc5 Bg7
1/2-1/2

[Event "Deutsche Ländermeisterschaft 2003"]
[Site "Kassel GER"]
[Date "2003.10.19"]
[Round "1"]
[White "Wolk, Friederike"]
[Black "Rohlfs, Ricarda"]
[Result "1-0"]
[Termination "normal"]
[Board "4.5"]
[WhiteElo "1997"]
[BlackElo "1671"]
[WhiteTeam "Hessen 1"]
[BlackTeam "Hamburg"]
[PlyCount "79"]
[WhiteFideId "4693400"]
[EventCountry "GER"]
[EventRounds "7"]
[EventType "team-swiss"]
[EventDate "2003.10.18"]

1. e4 c5 2. Nc3 Nc6 3. g3 g6 4. Bg2 Bg7 5. d3 e6 6. Be3 Nge7 7. Qd2 Nd4 8. Nd1
d6 9. c3 Ndc6 10. Bh6 O-O 11. h4 f5 12. h5 Qe8 13. Nh3 e5 14. Bxg7 Kxg7 15. f4
gxh5 16. Bf3 Qg6 17. Ndf2 h6 18. O-O-O Be6 19. Kb1 b5 20. Qe2 Bg8 21. Bxh5 Qe6
22. b3 a5 23. exf5 Rxf5 24. g4 Rff8 25. f5 Qd7 26. Ne4 Nd5 27. Rdg1 Rfc8 28. g5
Qxf5 29. gxh6+ Kh8 30. Nhg5 c4 31. Bg4 Qxg5 32. Bxc8 Qe7 33. Bf5 cxb3 34. axb3
Nf4 35. Qg4 Ne6 36. Bxe6 Bxe6 37. Qg7+ Qxg7 38. hxg7+ Kg8 39. Rh8+ Kf7 40. Rxa8
1-0

[Event "Deutsche Ländermeisterschaft 2003"]
[Site "Kassel GER"]
[Date "2003.10.19"]
[Round "1"]
[White "Chin, Karin"]
[Black "Brethauer, Sarah"]
[Result "1-0"]
[Termination "normal"]
[Board "4.6"]
[WhiteElo "1762"]
[BlackElo "1889"]
[WhiteTeam "Hamburg"]
[BlackTeam "Hessen 1"]
[PlyCount "63"]
[WhiteFideId "24608157"]
[BlackFideId "24605220"]
[EventCountry "GER"]
[EventRounds "7"]
[EventType "team-swiss"]
[EventDate "2003.10.18"]

1. e4 c5 2. Nf3 d6 3. Nc3 g6 4. d4 cxd4 5. Nxd4 Nf6 6. f3 Bg7 7. Be3 Nc6 8. Qd2
O-O 9. O-O-O Nxd4 10. Bxd4 Be6 11. Kb1 a6 12. h4 h5 13. Be2 Rc8 14. g4 b5 15.
Nd5 Bxd5 16. exd5 hxg4 17. fxg4 Ne4 18. Qe3 Bxd4 19. Rxd4 Nf6 20. h5 Qc7 21.
Qd2 Kg7 22. g5 Nxh5 23. Bxh5 gxh5 24. Rxh5 Rh8 25. Rdh4 Qc5 26. a3 Rxh5 27.
Rxh5 Qg1+ 28. Ka2 Qg4 29. Rh2 Qf5 30. Qd4+ f6 31. gxf6+ Qxf6 32. Qg4+ 1-0

[Event "Deutsche Ländermeisterschaft 2003"]
[Site "Kassel GER"]
[Date "2003.10.19"]
[Round "1"]
[White "Rafiee, Makan"]
[Black "Stellfeld, Tilman"]
[Result "1-0"]
[Termination "normal"]
[Board "4.7"]
[WhiteElo "1647"]
[BlackElo "1210"]
[WhiteTeam "Hessen 1"]
[BlackTeam "Hamburg"]
[PlyCount "65"]
[WhiteFideId "24609340"]
[BlackFideId "24651311"]
[EventCountry "GER"]
[EventRounds "7"]
[EventType "team-swiss"]
[EventDate "2003.10.18"]

1. e4 c5 2. Nf3 e6 3. d4 cxd4 4. Nxd4 a6 5. c4 Qc7 6. Nc3 Nf6 7. a3 Nc6 8. Be3
Be7 9. Be2 d6 10. O-O b6 11. f4 Bb7 12. Bf3 Nd7 13. b3 Nxd4 14. Bxd4 Bf6 15.
Re1 Rd8 16. Bxf6 Nxf6 17. Qc2 h5 18. e5 dxe5 19. fxe5 Ng4 20. Bxb7 Qxb7 21. h3
Nh6 22. Ne4 Qc7 23. Rad1 Rxd1 24. Qxd1 Nf5 25. Nd6+ Nxd6 26. exd6 Qc5+ 27. Kh1
Kd7 28. Qf3 Kxd6 29. Rd1+ Ke7 30. Qb7+ Kf6 31. Rf1+ Ke5 32. Qxf7 Rh7 33. Qf4#
1-0

[Event "Deutsche Ländermeisterschaft 2003"]
[Site "Kassel GER"]
[Date "2003.10.19"]
[Round "1"]
[White "Garny, Annica"]
[Black "Begeluri, Nino"]
[Result "1-0"]
[Termination "normal"]
[Board "4.8"]
[WhiteElo "1025"]
[BlackElo "1125"]
[WhiteTeam "Hamburg"]
[BlackTeam "Hessen 1"]
[PlyCount "41"]
[WhiteFideId "24600660"]
[EventCountry "GER"]
[EventRounds "7"]
[EventType "team-swiss"]
[EventDate "2003.10.18"]

1. e4 c5 2. Nc3 e6 3. Nf3 Nc6 4. Bc4 Nge7 5. d3 d5 6. Bb3 d4 7. Na4 Bd7 8. Nxc5
Qa5+ 9. Bd2 Qxc5 10. O-O Ng6 11. Ng5 h6 12. Nh3 e5 13. Qf3 Qe7 14. Qg3 Bxh3 15.
gxh3 Qd7 16. f4 exf4 17. Bxf4 Nxf4 18. Qxf4 f6 19. Rae1 g5 20. Qxf6 Rh7 21.
Qxf8# 1-0

[Event "Deutsche Ländermeisterschaft 2003"]
[Site "Kassel GER"]
[Date "2003.10.19"]
[Round "1"]
[White "Zimmermann, Hendrik"]
[Black "Boguslavskyy, Oleg"]
[Result "0-1"]
[Termination "normal"]
[Board "5.1"]
[WhiteElo "2115"]
[BlackElo "2340"]
[WhiteTeam "Hessen 3"]
[BlackTeam "Baden"]
[PlyCount "78"]
[WhiteFideId "4686225"]
[BlackFideId "14113929"]
[EventCountry "GER"]
[EventRounds "7"]
[EventType "team-swiss"]
[EventDate "2003.10.18"]

1. d4 Nf6 2. c4 e6 3. Nc3 d5 4. cxd5 exd5 5. Bg5 Be7 6. e3 O-O 7. Bd3 Nbd7 8.
Nge2 c6 9. Qc2 Re8 10. O-O Nf8 11. f3 g6 12. Rad1 Ne6 13. Bh4 Ng7 14. Bf2 Be6
15. Kh1 Rc8 16. Bg1 b5 17. e4 Qa5 18. Nc1 Qc7 19. Nb3 Qb8 20. Ne2 Nd7 21. Ng3
a6 22. Rc1 Bg5 23. Rce1 Be7 24. Qe2 a5 25. e5 a4 26. Nc5 Nxc5 27. dxc5 Bh4 28.
f4 Bxg3 29. hxg3 h5 30. f5 Bxf5 31. Bxf5 gxf5 32. Bd4 Re6 33. Qf3 Rce8 34. Qd3
Qc8 35. Rxf5 Nxf5 36. Qxf5 Rg6 37. Qxh5 Qg4 38. Qxg4 Rxg4 39. Bf2 Re4 0-1

[Event "Deutsche Ländermeisterschaft 2003"]
[Site "Kassel GER"]
[Date "2003.10.19"]
[Round "1"]
[White "Strohhäker, Raoul"]
[Black "Dec, Paul"]
[Result "1-0"]
[Termination "normal"]
[Board "5.2"]
[WhiteElo "2106"]
[BlackElo "2071"]
[WhiteTeam "Baden"]
[BlackTeam "Hessen 3"]
[PlyCount "57"]
[WhiteFideId "4687400"]
[BlackFideId "4676858"]
[EventCountry "GER"]
[EventRounds "7"]
[EventType "team-swiss"]
[EventDate "2003.10.18"]

1. Nf3 d6 2. d4 Nf6 3. c4 g6 4. Nc3 Bg7 5. e3 O-O 6. Be2 Nbd7 7. O-O e5 8. Qc2
Qe7 9. Nd5 Nxd5 10. cxd5 e4 11. Nd2 Nb6 12. Qxe4 Qxe4 13. Nxe4 Nxd5 14. Bf3 f5
15. Nxd6 Nxe3 16. Nxc8 Nxf1 17. Ne7+ Kh8 18. Kxf1 c6 19. d5 Rfe8 20. dxc6 Rxe7
21. Bg5 Rc7 22. cxb7 Rb8 23. Rd1 Be5 24. Rd5 h6 25. Be3 Bxb2 26. Rb5 Bf6 27.
Bxa7 Rc1+ 28. Ke2 Re8+ 29. Be3 1-0

[Event "Deutsche Ländermeisterschaft 2003"]
[Site "Kassel GER"]
[Date "2003.10.19"]
[Round "1"]
[White "Rubel, Julian"]
[Black "Hauser, Carlos"]
[Result "0-1"]
[Termination "normal"]
[Board "5.3"]
[WhiteElo "2136"]
[BlackElo "1903"]
[WhiteTeam "Hessen 3"]
[BlackTeam "Baden"]
[PlyCount "130"]
[WhiteFideId "24605980"]
[BlackFideId "24608238"]
[EventCountry "GER"]
[EventRounds "7"]
[EventType "team-swiss"]
[EventDate "2003.10.18"]

1. d4 d5 2. c4 c6 3. Nf3 Nf6 4. Nc3 dxc4 5. a4 Bf5 6. Ne5 Nbd7 7. Nxc4 Nb6 8.
e3 e6 9. Qb3 Bg6 10. Ne5 a5 11. Be2 Bd6 12. O-O Qc7 13. f4 Nbd5 14. Bf3 O-O 15.
Nxg6 hxg6 16. g3 Bb4 17. Nd1 Qb6 18. Nf2 c5 19. e4 Ne7 20. dxc5 Bxc5 21. Qxb6
Bxb6 22. Bd2 Rfd8 23. Bc3 Nc6 24. Bg2 Ng4 25. h3 Nxf2 26. Rxf2 Rd7 27. Kf1 Bxf2
28. Kxf2 Rad8 29. Ke2 Nd4+ 30. Kf2 Nc2 31. Rc1 Nb4 32. Ra1 b6 33. Ra3 Rd1 34.
Rb3 Rc1 35. h4 Rd3 36. Bf3 Rc2+ 37. Be2 Rd8 38. Ke3 Rc1 39. Bxb4 axb4 40. Rxb4
Rd6 41. e5 Rdc6 42. Bf3 R1c4 43. Bxc6 Rxb4 44. Kf3 Rxb2 45. Kg4 Rb3 46. Bd7 Kf8
47. Bc6 Ke7 48. Bb5 f6 49. Bc4 Rb4 50. exf6+ gxf6 51. Bb5 e5 52. Kf3 e4+ 53.
Ke3 f5 54. Ke2 Rb3 55. Kf2 Rf3+ 56. Kg2 Kd8 57. Bc4 Ke7 58. Bb5 Kf8 59. Bc4 Ra3
60. Bb5 Ra2+ 61. Kf1 Kg7 62. Kg1 Kh6 63. Kf1 Kh5 64. Be8 e3 65. Kg1 Ra1+ 0-1

[Event "Deutsche Ländermeisterschaft 2003"]
[Site "Kassel GER"]
[Date "2003.10.19"]
[Round "1"]
[White "Becker, Erik"]
[Black "Knickel, Aaron"]
[Result "1-0"]
[Termination "normal"]
[Board "5.4"]
[WhiteElo "2010"]
[BlackElo "1765"]
[WhiteTeam "Baden"]
[BlackTeam "Hessen 3"]
[PlyCount "65"]
[WhiteFideId "4696921"]
[BlackFideId "24605298"]
[EventCountry "GER"]
[EventRounds "7"]
[EventType "team-swiss"]
[EventDate "2003.10.18"]

1. e4 c5 2. Nf3 d6 3. d4 cxd4 4. Nxd4 Nf6 5. Nc3 g6 6. Be3 Bg7 7. f3 Nc6 8. Qd2
O-O 9. O-O-O Nxd4 10. Bxd4 Be6 11. Kb1 Qc7 12. g4 Rfc8 13. g5 Nh5 14. Bxg7 Kxg7
15. Nd5 Qd7 16. Qd4+ Kg8 17. Bd3 Rab8 18. Rhf1 Bh3 19. Rf2 Ng7 20. Qxa7 Ra8 21.
Qb6 Kf8 22. b3 Rc5 23. Qb4 Rb8 24. Nb6 Qd8 25. Bc4 Rc6 26. Nd5 Rc5 27. Rfd2 Qc8
28. e5 Nf5 29. exd6 exd6 30. Qc3 Ng7 31. Qf6 Qe6 32. Nf4 Qf5 33. Qxd6+ 1-0

[Event "Deutsche Ländermeisterschaft 2003"]
[Site "Kassel GER"]
[Date "2003.10.19"]
[Round "1"]
[White "Radick, Katrin"]
[Black "Kaczmarczyk, Dennis"]
[Result "0-1"]
[Termination "normal"]
[Board "5.5"]
[WhiteElo "1674"]
[BlackElo "1814"]
[WhiteTeam "Hessen 3"]
[BlackTeam "Baden"]
[PlyCount "48"]
[BlackFideId "24608297"]
[EventCountry "GER"]
[EventRounds "7"]
[EventType "team-swiss"]
[EventDate "2003.10.18"]

1. e3 Nf6 2. Nf3 d5 3. d4 Bf5 4. c4 e6 5. Nc3 Nc6 6. a3 Be7 7. cxd5 exd5 8. Be2
O-O 9. O-O h6 10. Nh4 Bh7 11. Bd3 Bxd3 12. Qxd3 Bd6 13. Nf5 Re8 14. Nxd6 Qxd6
15. h3 Ne4 16. Qb5 Nxc3 17. bxc3 a6 18. Qa4 b5 19. Qc2 Na5 20. a4 Nc4 21. Qb3
c6 22. Ba3 Qg6 23. Qd1 Re4 24. Kh2 Nxa3 0-1

[Event "Deutsche Ländermeisterschaft 2003"]
[Site "Kassel GER"]
[Date "2003.10.19"]
[Round "1"]
[White "Mader, Manuela"]
[Black "Schäfer, Paul"]
[Result "1-0"]
[Termination "normal"]
[Board "5.6"]
[WhiteElo "1662"]
[BlackElo "1382"]
[WhiteTeam "Baden"]
[BlackTeam "Hessen 3"]
[PlyCount "31"]
[WhiteFideId "24612928"]
[BlackFideId "24605360"]
[EventCountry "GER"]
[EventRounds "7"]
[EventType "team-swiss"]
[EventDate "2003.10.18"]

1. e4 e5 2. Nf3 Nc6 3. Bc4 Bc5 4. c3 Nf6 5. d4 exd4 6. cxd4 Bb4+ 7. Bd2 Nxe4 8.
Bxf7+ Kxf7 9. Qb3+ d5 10. Bxb4 Nxb4 11. Qxb4 Re8 12. O-O Kg8 13. Nc3 b6 14. Qb3
Bb7 15. Rfe1 Rb8 16. Nxe4 1-0

[Event "Deutsche Ländermeisterschaft 2003"]
[Site "Kassel GER"]
[Date "2003.10.19"]
[Round "1"]
[White "Frey, Alisa"]
[Black "Schmucklermann, Alexandra"]
[Result "1-0"]
[Termination "normal"]
[Board "5.8"]
[WhiteElo "1396"]
[BlackElo "846"]
[WhiteTeam "Baden"]
[BlackTeam "Hessen 3"]
[PlyCount "101"]
[WhiteFideId "24634662"]
[EventCountry "GER"]
[EventRounds "7"]
[EventType "team-swiss"]
[EventDate "2003.10.18"]

1. e4 c5 2. Nf3 Nc6 3. d4 cxd4 4. Nxd4 g6 5. Nc3 Bg7 6. Nf3 Nf6 7. Bg5 O-O 8.
Qd2 Re8 9. Bc4 Qb6 10. Rb1 d6 11. O-O Bg4 12. Qf4 e5 13. Qg3 Bd7 14. Bxf6 Bxf6
15. Nd5 Qd8 16. Nxf6+ Qxf6 17. Qg5 Kg7 18. Rbd1 Qxg5 19. Nxg5 Be6 20. Nxe6+
fxe6 21. Rxd6 Kf6 22. Rd7 Re7 23. Rxe7 Kxe7 24. Rd1 Nb4 25. Bb3 Rc8 26. c3 Nc6
27. Ba4 Rf8 28. f3 Rd8 29. Rxd8 Nxd8 30. Kf2 Kd6 31. Ke3 Kc5 32. Kd3 Nc6 33.
Bxc6 bxc6 34. b3 a5 35. a4 Kb6 36. Kc4 h6 37. h4 g5 38. h5 c5 39. b4 cxb4 40.
cxb4 axb4 41. Kxb4 Ka6 42. Kc5 Ka5 43. Kd6 Kxa4 44. Kxe5 Kb4 45. Kxe6 Kc3 46.
Kf6 Kd4 47. e5 Kd5 48. e6 Kd6 49. e7 Kd7 50. Kf7 Kd6 51. e8=Q 1-0

[Event "Deutsche Ländermeisterschaft 2003"]
[Site "Kassel GER"]
[Date "2003.10.19"]
[Round "1"]
[White "Silber, Henning"]
[Black "Leisner, Hannes"]
[Result "1-0"]
[Termination "normal"]
[Board "6.1"]
[WhiteElo "2303"]
[BlackElo "1994"]
[WhiteTeam "Rheinland-Pfalz"]
[BlackTeam "Mecklenburg-Vorpommern"]
[PlyCount "85"]
[WhiteFideId "4662024"]
[BlackFideId "4692705"]
[EventCountry "GER"]
[EventRounds "7"]
[EventType "team-swiss"]
[EventDate "2003.10.18"]

1. e4 c5 2. c3 b6 3. d4 Bb7 4. Bd3 Nf6 5. d5 d6 6. c4 g6 7. Nc3 Bg7 8. f4 O-O
9. Nf3 Nfd7 10. O-O a6 11. Be3 b5 12. cxb5 axb5 13. Bxb5 Ba6 14. a4 Bxb5 15.
axb5 Rxa1 16. Qxa1 Nb6 17. Nd2 Qc7 18. Qa2 N8d7 19. Ra1 Ra8 20. Qb1 Qb7 21. Ra2
e6 22. dxe6 fxe6 23. Qa1 d5 24. exd5 exd5 25. Rxa8+ Nxa8 26. Qa2 Nab6 27. Bf2
Kh8 28. g3 c4 29. Nf3 Qc8 30. Qa7 Qd8 31. Ne5 Nxe5 32. Bxb6 Nf3+ 33. Kf2 Qe8
34. Kxf3 Bxc3 35. bxc3 Qe4+ 36. Kf2 Qc2+ 37. Kg1 Qd1+ 38. Kg2 Qe2+ 39. Bf2 Qe4+
40. Kh3 Qf5+ 41. g4 Qd3+ 42. Qe3 Qf1+ 43. Kg3 1-0

[Event "Deutsche Ländermeisterschaft 2003"]
[Site "Kassel GER"]
[Date "2003.10.19"]
[Round "1"]
[White "Zentgraf, Robert"]
[Black "Kühner, Christian"]
[Result "1-0"]
[Termination "normal"]
[Board "6.2"]
[WhiteElo "2083"]
[BlackElo "2174"]
[WhiteTeam "Mecklenburg-Vorpommern"]
[BlackTeam "Rheinland-Pfalz"]
[PlyCount "99"]
[WhiteFideId "4676483"]
[BlackFideId "4679440"]
[EventCountry "GER"]
[EventRounds "7"]
[EventType "team-swiss"]
[EventDate "2003.10.18"]

1. e4 c5 2. Nf3 e6 3. d4 cxd4 4. Nxd4 a6 5. Bd3 Nf6 6. O-O Qc7 7. c4 Bc5 8. Nc2
Nc6 9. Nc3 O-O 10. Be3 Bxe3 11. Nxe3 d6 12. Rc1 b6 13. Ncd5 Qd8 14. Nxf6+ Qxf6
15. b3 Bb7 16. Qh5 Qg6 17. Qxg6 hxg6 18. Rfd1 Rfd8 19. Rd2 Kf8 20. Re1 Rd7 21.
Bb1 Rad8 22. f4 Ne7 23. Red1 Ke8 24. f5 gxf5 25. exf5 e5 26. f6 gxf6 27. Ng4
Ng8 28. Bf5 Ke7 29. Bxd7 Rxd7 30. Ne3 Nh6 31. b4 Ke6 32. Nd5 Bxd5 33. Rxd5 Nf5
34. c5 Nd4 35. Rxd6+ Rxd6 36. cxd6 f5 37. Kf2 Kxd6 38. g3 Ke6 39. Rc1 Kf6 40.
Rc7 Kg7 41. a4 e4 42. Ke3 Nf3 43. h3 Ne1 44. Rc6 a5 45. bxa5 bxa5 46. Rc5 Kg6
47. Rxa5 Nc2+ 48. Kf4 Nd4 49. g4 fxg4 50. hxg4 1-0

[Event "Deutsche Ländermeisterschaft 2003"]
[Site "Kassel GER"]
[Date "2003.10.19"]
[Round "1"]
[White "Armbrust, Florian"]
[Black "Janotta, Steffi"]
[Result "1/2-1/2"]
[Termination "normal"]
[Board "6.3"]
[WhiteElo "2205"]
[BlackElo "1766"]
[WhiteTeam "Rheinland-Pfalz"]
[BlackTeam "Mecklenburg-Vorpommern"]
[PlyCount "55"]
[WhiteFideId "4691350"]
[BlackFideId "4696344"]
[EventCountry "GER"]
[EventRounds "7"]
[EventType "team-swiss"]
[EventDate "2003.10.18"]

1. e4 d5 2. exd5 Qxd5 3. Nc3 Qa5 4. d4 Nf6 5. Bc4 c6 6. Bd2 Bf5 7. Nd5 Qd8 8.
Nxf6+ gxf6 9. Nf3 e6 10. Qe2 Be7 11. O-O-O Nd7 12. Nh4 Bg6 13. Rhe1 Nf8 14. Bh6
Qc7 15. Bxf8 Kxf8 16. Nxg6+ hxg6 17. Rd3 Bd6 18. Rf3 Kg7 19. h3 Rae8 20. Kb1
Qa5 21. g4 c5 22. dxc5 Qxc5 23. Bb3 Rd8 24. Qe4 Qe5 25. g5 f5 26. Qxe5+ Bxe5
27. Kc1 Bc7 28. Rd1 1/2-1/2

[Event "Deutsche Ländermeisterschaft 2003"]
[Site "Kassel GER"]
[Date "2003.10.19"]
[Round "1"]
[White "Hauck, Kerstin"]
[Black "Stemmler, Lysan"]
[Result "1-0"]
[Termination "normal"]
[Board "6.5"]
[WhiteElo "1738"]
[BlackElo "1686"]
[WhiteTeam "Rheinland-Pfalz"]
[BlackTeam "Mecklenburg-Vorpommern"]
[PlyCount "41"]
[BlackFideId "24622451"]
[EventCountry "GER"]
[EventRounds "7"]
[EventType "team-swiss"]
[EventDate "2003.10.18"]

1. e4 d6 2. d4 Nf6 3. Bd3 g6 4. Nf3 Bg7 5. c3 c6 6. O-O O-O 7. Bg5 Nbd7 8. Re1
e5 9. Qd2 Qc7 10. Bh6 Nh5 11. Bxg7 Kxg7 12. Na3 Nf4 13. Bc2 b5 14. Rad1 Re8 15.
dxe5 dxe5 16. Qd6 Qxd6 17. Rxd6 Re6 18. Red1 Re7 19. Rxc6 a6 20. Bb3 Nb8 21.
Rxc8 1-0

[Event "Deutsche Ländermeisterschaft 2003"]
[Site "Kassel GER"]
[Date "2003.10.19"]
[Round "1"]
[White "Friedrich, Paul-Robert"]
[Black "Wortmann, Jonas"]
[Result "0-1"]
[Termination "normal"]
[Board "6.6"]
[WhiteElo "1580"]
[BlackElo "1734"]
[WhiteTeam "Mecklenburg-Vorpommern"]
[BlackTeam "Rheinland-Pfalz"]
[PlyCount "48"]
[WhiteFideId "24616036"]
[BlackFideId "24628069"]
[EventCountry "GER"]
[EventRounds "7"]
[EventType "team-swiss"]
[EventDate "2003.10.18"]

1. d4 Nf6 2. c4 e6 3. Nc3 Bb4 4. Nf3 b6 5. e3 Bb7 6. Be2 Ne4 7. Qc2 O-O 8. O-O
Bxc3 9. bxc3 f5 10. Nd2 Qg5 11. Bf3 Qg6 12. a4 d6 13. a5 Nd7 14. Rd1 Ndf6 15.
Nf1 Ng4 16. a6 Bc6 17. d5 Ngxf2 18. Bxe4 fxe4 19. Ng3 Nxd1 20. Qxd1 exd5 21.
cxd5 Bb5 22. Bb2 Rf7 23. Qd4 Bd3 24. c4 Raf8 0-1